[Event "TUN-ch"]
[Site "Hammamet"]
[Date "2013.03.17"]
[Round "3"]
[White "Zouaoui, Hafedh"]
[Black "Dimessi, Naoufel"]
[Result "0-1"]
[WhiteElo "1826"]
[BlackElo "1958"]
[PlyCount "44"]
[EventDate "2013.03.16"]
[EventType "swiss"]
[EventRounds "9"]
[EventCountry "TUN"]
[SourceTitle "CBM 153 Extra"]
[Source "ChessBase"]
[SourceDate "2013.04.22"]
[SourceVersion "1"]
[SourceVersionDate "2013.04.22"]
[SourceQuality "1"]

1. e4 e6 2. d4 d5 3. Nc3 Bb4 4. e5 c5 5. Bd2 cxd4 6. Nb5 Bc5 7. Nf3 Nc6 8. a3 a6 9. b4 axb5 10. bxc5 Bd7 11. Bxb5 Nxe5 12. Bxd7+ Nxd7 13. Nxd4 Nxc5 14. 0-0 Ne7 15. Qg4 0-0 16. Rfe1 Ne4 17. Bb4 Re8 18. Rab1 Nc6 19. Nf3 Qc7 20. Nd2 Nxb4 21. Nxe4 dxe4 22. Qxe4 Nc6 0-1

[Event "TUN-ch"]
[Site "Hammamet"]
[Date "2013.03.16"]
[Round "1"]
[White "Hamzi, Sofiene"]
[Black "Dimessi, Naoufel"]
[Result "0-1"]
[WhiteElo "1774"]
[BlackElo "1958"]
[PlyCount "80"]
[EventDate "2013.03.16"]
[EventType "swiss"]
[EventRounds "9"]
[EventCountry "TUN"]
[SourceTitle "CBM 153 Extra"]
[Source "ChessBase"]
[SourceDate "2013.04.22"]
[SourceVersion "1"]
[SourceVersionDate "2013.04.22"]
[SourceQuality "1"]

1. e4 e6 2. d3 d5 3. Nd2 Nf6 4. Ngf3 Bb4 5. a3 Bxd2+ 6. Nxd2 c5 7. g3 b6 8. Bg2 Bb7 9. 0-0 0-0 10. Re1 Nc6 11. e5 Nd7 12. Nf3 Qc7 13. Bf4 h6 14. h4 Rac8 15. c3 Ne7 16. g4 Ng6 17. Bg3 d4 18. c4 Bxf3 19. Qxf3 Qd8 20. h5 Nh4 21. Qe2 Nxg2 22. Kxg2 Re8 23. f4 b5 24. b3 bxc4 25. bxc4 Rb8 26. Reb1 Qa5 27. Be1 Qa4 28. Rxb8 Rxb8 29. f5 Rb3 30. f6 gxf6 31. exf6 Qc6+ 32. Kh3 Qh1+ 33. Kg3 Nxf6 34. Bc3 Qc6 35. Be1 Ne4+ 36. Kh3 Ng5+ 37. Kg3 Qh1 38. Kf4 f6 39. a4 Rb2 40. Bc3 Qc6 0-1